Sensors and microsystems (Record no. 138283)
[ view plain ]
| 000 -LEADER | |
|---|---|
| fixed length control field | 01389nam a2200325Ia 4500 |
| 245 10 - TITLE STATEMENT | |
| Title | Sensors and microsystems |
| 260 ## - PUBLICATION, DISTRIBUTION, ETC. (IMPRINT) | |
| Place of publication | Hackensack, N.J. : |
| Name of publisher | World Scientific, |
| Year of publication | c2005. |
| 300 ## - PHYSICAL DESCRIPTION | |
| Number of Pages | xx, 493 p. : |
| Other physical details | ill. |
| 650 #0 - SUBJECT ADDED ENTRY--TOPICAL TERM | |
| Topical Term | Detectors |
| Topical Term | Biosensors |
| Topical Term | Chemical detectors |
| Topical Term | Actuators |
| 700 1# - ADDED ENTRY--PERSONAL NAME | |
| Personal name | Di Natale, C. |
| 856 40 - ELECTRONIC LOCATION AND ACCESS | |
| Uniform Resource Identifier | http://site.ebrary.com/lib/rucke/Doc?id=10174051 |
No items available.
